El concepto de relevancia jurídica
Saved in:
| Format: | Book |
|---|---|
| Language: | Spanish |
| Published: |
Madrid
Centro de Estudios Registrales
2001
|
| Series: | Monografías
|
| Subjects: | |
| Tags: |
Add Tag
No Tags, Be the first to tag this record!
|
MARC
| LEADER | 00000nam a2200000 a 4500 | ||
|---|---|---|---|
| 001 | UCM3335 | ||
| 003 | CL-VaPUC | ||
| 008 | 020705e20010000SP |||||||||||||||||spa|d | ||
| 082 | 0 | 4 | |a 340.11 |b CON |2 21 |
| 245 | 1 | 3 | |a El concepto de relevancia jurídica |
| 300 | |a 337 p | ||
| 942 | |c BK | ||
| 945 | |d 20020705 00:00:00 |a vberengu | ||
| 260 | |a Madrid |b Centro de Estudios Registrales |c 2001 | ||
| 650 | 0 | |a Filosofía del derecho |9 255050 | |
| 650 | 0 | |a Justicia |9 255408 | |
| 650 | 0 | |a Etica política |9 255799 | |
| 650 | 0 | |a Normas jurídicas |9 258310 | |
| 650 | 0 | |a Historia política |9 256974 | |
| 650 | 7 | |a HECHO JURIDICO |2 CL-VaPUC |9 384051 | |
| 650 | 0 | |a Personalidad jurídica |9 315329 | |
| 650 | 7 | |a CONCEPTO DE DERECHO |2 CL-VaPUC |9 441066 | |
| 583 | |a last modification |c 20020705 00:00:00 |k Rodrigo Vera | ||
| 490 | 0 | |a Monografías | |
| 999 | |c 300708 |d 300706 | ||
| 952 | |0 0 |1 0 |4 0 |6 340_110000000000000_CON_2001 |7 0 |8 DER_TF |9 358898 |a BIBDER |b BIBDER |d 2019-11-21 |i 3821900 |l 1 |o 340.11 CON 2001 |p 3821900 |r 2023-01-25 |s 2020-03-18 |w 2019-11-21 |x Ubicación 4to Piso |y BK |z Estos recursos deben solicitarse con anticipación |k DER | ||